[Event "4th GRENKE Open 2019"]
[Site "Karlsruhe"]
[Date "2019.04.18"]
[Round "1.93"]
[White "Inkiov, Ventzislav"]
[Black "Schimnatkowski, Lukas"]
[Result "1-0"]
[WhiteElo "2421"]
[BlackElo "2102"]
[Annotator "TA"]
[PlyCount "81"]
[EventDate "2019.04.18"]
[EventType "swiss"]
[EventCountry "GER"]
[SourceTitle "playchess.com"]
[Source "ChessBase"]
[SourceQuality "1"]

1. d4 Nf6 2. c4 c5 3. e3 g6 4. Nc3 Bg7 5. Nf3 b6 6. Be2 O-O 7. O-O Bb7 8. d5 d6 9. e4 Nbd7 10. Ne1 Ne8 11. f4 a6 12. a4 e6 13. dxe6 fxe6 14. Nf3 Qe7 15. Qc2 Nc7 16. Bd2 Rad8 17. Rae1 Nb8 18. Bd3 Nc6 19. Qd1 Qd7 20. Ng5 Nd4 21. Qg4 b5 22. axb5 axb5 23. cxb5 d5 24. b6 Ne8 25. e5 Bh8 26. Qh3 Rb8 27. Na4 c4 28. Nc5 Qe7 29. Bb4 cxd3 30. Ncxe6 Qd7 31. Nxd4 Qxh3 32. gxh3 h6 33. Bxf8 hxg5 34. Bc5 gxf4 35. Rxf4 d2 36. Rd1 Bxe5 37. Rf8+ Kh7 38. Rxd2 Bg7 39. Rf7 Kg8 40. Rdf2 Bc8 41. Nc6 1-0

[Event "4th GRENKE Open 2019"]
[Site "Karlsruhe"]
[Date "2019.04.18"]
[Round "1.94"]
[White "Kern, Nicolas"]
[Black "Cukrowski, Filip"]
[Result "1/2-1/2"]
[WhiteElo "2101"]
[BlackElo "2421"]
[Annotator "NA"]
[PlyCount "81"]
[EventDate "2019.04.18"]
[EventType "swiss"]
[EventCountry "GER"]
[SourceTitle "playchess.com"]
[Source "ChessBase"]
[SourceQuality "1"]

1. e4 c5 2. Nc3 d6 3. d3 Nc6 4. Be3 g6 5. d4 cxd4 6. Bxd4 Nf6 7. Bxf6 exf6 8. Qd2 Be6 9. Bb5 a6 10. Ba4 Qa5 11. Rd1 O-O-O 12. Nge2 d5 13. Nxd5 Bb4 14. c3 Bxd5 15. cxb4 Qxa4 16. exd5 Qxb4 17. O-O Qxd2 18. Rxd2 Na7 19. Nc3 Rhe8 20. Rc1 Kd7 21. Na4 Kd6 22. Nb6 Nc8 23. Nc4+ Kd7 24. Kf1 b5 25. Ne3 Nd6 26. Rc6 Rc8 27. Rxa6 Rc7 28. g3 f5 29. Ke2 g5 30. Kf3 h5 31. Rd4 f4 32. gxf4 g4+ 33. Kg2 f5 34. a4 h4 35. h3 Rxe3 36. fxe3 Rc2+ 37. Kg1 Rc1+ 38. Kg2 Rc2+ 39. Kg1 Rc1+ 40. Kh2 Rc2+ 41. Kg1 1/2-1/2

[Event "4th GRENKE Open 2019"]
[Site "Karlsruhe"]
[Date "2019.04.18"]
[Round "1.95"]
[White "Low, Zhen Yu Cyrus"]
[Black "Rigopoulos-Tsigkos, Alexandros"]
[Result "1-0"]
[WhiteElo "2418"]
[BlackElo "2101"]
[Annotator "NA"]
[PlyCount "71"]
[EventDate "2019.04.18"]
[EventType "swiss"]
[EventCountry "GER"]
[SourceTitle "playchess.com"]
[Source "ChessBase"]
[SourceQuality "1"]

1. e4 c5 2. Nf3 e6 3. d4 cxd4 4. Nxd4 a6 5. g3 b6 6. Bg2 Bb7 7. O-O d6 8. c4 Nd7 9. b3 Qc7 10. Bb2 Ngf6 11. Nc3 Be7 12. Rc1 O-O 13. Qe2 Rac8 14. f4 Qb8 15. g4 Rfd8 16. g5 Ne8 17. Qh5 g6 18. Qh6 Bf8 19. Qh4 Bg7 20. Nd1 b5 21. f5 exf5 22. exf5 Bxg2 23. Kxg2 Qb7+ 24. Kg1 Ne5 25. Rc3 bxc4 26. fxg6 hxg6 27. Rh3 Qd7 28. Ne3 c3 29. Bc1 Rc5 30. b4 Rcc8 31. Rf4 d5 32. Ba3 f5 33. Qh7+ Kf7 34. Nexf5 gxf5 35. Rxf5+ Qxf5 36. Qxf5+ 1-0

[Event "4th GRENKE Open 2019"]
[Site "Karlsruhe"]
[Date "2019.04.18"]
[Round "1.96"]
[White "Yankelevich, Michael"]
[Black "Rosner, Jonas"]
[Result "0-1"]
[WhiteElo "2101"]
[BlackElo "2416"]
[Annotator "NA"]
[PlyCount "72"]
[EventDate "2019.04.18"]
[EventType "swiss"]
[EventCountry "GER"]
[SourceTitle "playchess.com"]
[Source "ChessBase"]
[SourceQuality "1"]

1. e4 c6 2. d4 d5 3. Nc3 dxe4 4. Nxe4 Bf5 5. Ng3 Bg6 6. Nh3 Nf6 7. Nf4 Nbd7 8. Bd3 e6 9. O-O Bd6 10. Re1 Bxd3 11. Qxd3 O-O 12. c3 Qc7 13. Qf3 e5 14. Nd3 exd4 15. cxd4 Rfe8 16. Bg5 Nd5 17. Kf1 Bxg3 18. hxg3 Qb6 19. Be3 Re6 20. Kg1 Rae8 21. Nf4 Nxf4 22. gxf4 Qb5 23. b3 Nf6 24. Rac1 Qf5 25. g3 Nd5 26. Rc5 Re4 27. Rcc1 R8e6 28. a3 h5 29. b4 h4 30. g4 Rg6 31. Kf1 Rxg4 32. b5 Nxf4 33. Bxf4 Rgxf4 34. Qg2 h3 35. Qh2 Rxe1+ 36. Rxe1 Qd3+ 0-1

[Event "4th GRENKE Open 2019"]
[Site "Karlsruhe"]
[Date "2019.04.18"]
[Round "1.97"]
[White "Kopylov, Michael"]
[Black "Yazici, Ugur Doga"]
[Result "1-0"]
[WhiteElo "2414"]
[BlackElo "2100"]
[Annotator "TA"]
[PlyCount "40"]
[EventDate "2019.04.18"]
[EventType "swiss"]
[EventCountry "GER"]
[SourceTitle "playchess.com"]
[Source "ChessBase"]
[SourceQuality "1"]

1. d4 d5 2. c4 dxc4 3. Nf3 Nf6 4. Qa4+ Nbd7 5. Qxc4 e6 6. g3 c5 7. Bg2 a6 8. Qc2 cxd4 9. Nxd4 Qb6 10. Nb3 Bb4+ 11. Bd2 Ne5 12. O-O Bxd2 13. N1xd2 O-O 14. Rac1 Rd8 15. Qc3 Qd6 16. Rfd1 Nd5 17. Qd4 Rb8 18. Ne4 Nc6 19. Nxd6 Nxd4 20. Rxd4 Ra8 1-0

[Event "4th GRENKE Open 2019"]
[Site "Karlsruhe"]
[Date "2019.04.18"]
[Round "1.98"]
[White "Cahen, Alexis"]
[Black "Gokerkan, Cem Kaan"]
[Result "0-1"]
[WhiteElo "2100"]
[BlackElo "2413"]
[Annotator "NA"]
[PlyCount "92"]
[EventDate "2019.04.18"]
[EventType "swiss"]
[EventCountry "GER"]
[SourceTitle "playchess.com"]
[Source "ChessBase"]
[SourceQuality "1"]

1. d4 Nf6 2. Nf3 g6 3. Bf4 Bg7 4. e3 d6 5. h3 O-O 6. Be2 Nfd7 7. c4 e5 8. Bh2 Nc6 9. Nc3 f5 10. O-O h6 11. a3 a5 12. d5 Ne7 13. b4 g5 14. Nd2 Nf6 15. Nb3 axb4 16. axb4 Rxa1 17. Qxa1 h5 18. Qa8 g4 19. h4 Ng6 20. g3 e4 21. Rd1 Ne5 22. Nb5 Nfd7 23. c5 Nf3+ 24. Bxf3 exf3 25. cxd6 cxd6 26. Na5 Qb6 27. Na7 Qc7 28. Nb5 Qc2 29. Rf1 Nb6 30. Qa7 Nc4 31. Nxc4 Qxc4 32. Nxd6 Qxd5 33. Qc5 Qxc5 34. bxc5 Be5 35. Nc4 Bc7 36. Rd1 Be6 37. Nd6 Rd8 38. Rd4 Bxd6 39. Rxd6 Rxd6 40. cxd6 Kf7 41. Kf1 Ke8 42. Ke1 Kd7 43. Kd2 Kxd6 44. Kc3 Kc5 45. Kd3 Bd5 46. Kc3 b5 0-1

[Event "4th GRENKE Open 2019"]
[Site "Karlsruhe"]
[Date "2019.04.18"]
[Round "1.99"]
[White "Jerez Perez, Alfonso"]
[Black "Wagner, Hans"]
[Result "1-0"]
[WhiteElo "2413"]
[BlackElo "2183"]
[Annotator "TA"]
[PlyCount "80"]
[EventDate "2019.04.18"]
[EventType "swiss"]
[EventCountry "GER"]
[SourceTitle "playchess.com"]
[Source "ChessBase"]
[SourceQuality "1"]

1. e4 Nf6 2. e5 Nd5 3. d4 d6 4. c4 Nb6 5. exd6 exd6 6. Nc3 Nc6 7. Be3 Be7 8. Bd3 Bg5 9. Nf3 Bxe3 10. fxe3 Bg4 11. O-O O-O 12. Qd2 Nb4 13. Be2 c5 14. Rad1 Qe7 15. a3 Nc6 16. Nd5 Qd8 17. dxc5 dxc5 18. Qc3 f6 19. h3 Bxf3 20. Bxf3 Kh8 21. Bg4 Nxd5 22. cxd5 Ne5 23. Qxc5 Nxg4 24. hxg4 b6 25. Qb4 Re8 26. Rd3 Rc8 27. d6 Qd7 28. Qf4 Re5 29. Qd4 h6 30. Rc3 Rd8 31. Rd1 Re6 32. Rcd3 Re5 33. Qf4 Rc8 34. Rc3 Rxc3 35. bxc3 Kg8 36. Qc4+ Kh7 37. Rd3 Re8 38. Qc7 Rd8 39. Rd4 Qe8 40. Qe7 Kg8 1-0

[Event "4th GRENKE Open 2019"]
[Site "Karlsruhe"]
[Date "2019.04.19"]
[Round "1.104"]
[White "Musiolik, David"]
[Black "Roseneck, Jonas"]
[Result "1/2-1/2"]
[WhiteElo "2096"]
[BlackElo "2407"]
[Annotator "NA"]
[PlyCount "120"]
[EventDate "2019.04.18"]
[EventType "swiss"]
[EventCountry "GER"]
[SourceTitle "playchess.com"]
[Source "ChessBase"]
[SourceQuality "1"]

1. e4 c5 2. Nf3 d6 3. d4 cxd4 4. Nxd4 Nf6 5. Nc3 a6 6. Be2 e5 7. Nb3 Be7 8. O-O O-O 9. Kh1 b6 10. f4 Bb7 11. Bf3 Nbd7 12. Qe1 Rc8 13. Qg3 Rxc3 14. bxc3 Nxe4 15. Qe1 Qa8 16. Bb2 exf4 17. Nd4 Ne5 18. Bxe4 Bxe4 19. Qe2 Ng6 20. c4 Bf6 21. Rab1 Re8 22. Nf3 Ne5 23. Bxe5 dxe5 24. Rxb6 Bc6 25. Nd2 Bd8 26. Rb3 Bc7 27. Nf3 e4 28. Nd4 f3 29. Qe3 fxg2+ 30. Kxg2 Bd7 31. Qf2 f5 32. Kg1 f4 33. Re1 Bg4 34. Qh4 Qc8 35. Qg5 Kh8 36. Nc6 Qe6 37. Nd4 Qxc4 38. Qxg4 Qxd4+ 39. Kh1 e3 40. Qf3 Qd2 41. Re2 Qd1+ 42. Kg2 h6 43. Rb7 Qd6 44. c4 Re6 45. Rb1 Qc5 46. Qa8+ Kh7 47. Qd5 Qe7 48. Rb7 f3+ 49. Qxf3 Qg5+ 50. Kh1 Rg6 51. Rg2 e2 52. Rb1 Qh4 53. Qxe2 Rxg2 54. Qxg2 Qxc4 55. Rg1 Be5 56. Qg6+ Kh8 57. Qg2 Bf6 58. Rd1 Kh7 59. Qd5 Qc8 60. Qe4+ Kh8 1/2-1/2

[Event "4th GRENKE Open 2019"]
[Site "Karlsruhe"]
[Date "2019.04.19"]
[Round "1.105"]
[White "Thinius, Marco"]
[Black "Thrish Karthik"]
[Result "1/2-1/2"]
[WhiteElo "2406"]
[BlackElo "2096"]
[Annotator "ChessBase"]
[PlyCount "140"]
[EventDate "2019.04.18"]
[EventType "swiss"]
[EventCountry "GER"]
[SourceTitle "playchess.com"]
[Source "ChessBase"]
[SourceQuality "1"]

1. Nf3 d5 2. g3 Bg4 3. Bg2 Nf6 4. c4 e6 5. O-O Nbd7 6. cxd5 exd5 7. Nc3 c6 8. d3 Be7 9. Qc2 O-O 10. e4 Nc5 11. Rd1 Ne6 12. Ne2 Qc7 13. Be3 Rfd8 14. h3 Bxf3 15. Bxf3 d4 16. Bd2 Rac8 17. Bg2 c5 18. Nf4 Nxf4 19. Bxf4 Qd7 20. a4 b6 21. Qb3 Qe6 22. Qxe6 fxe6 23. Rdc1 Nd7 24. h4 Bf6 25. Bh3 Kf7 26. b3 e5 27. Bd2 a5 28. Kg2 Ke7 29. f4 Ra8 30. Bxd7 Kxd7 31. Rf1 Rf8 32. Rf3 exf4 33. gxf4 b5 34. e5 Be7 35. f5 bxa4 36. bxa4 Rfb8 37. Kg3 Rb2 38. Bf4 Rf8 39. Bg5 h6 40. Bxe7 Kxe7 41. Rc1 Rc8 42. Kf4 Rh2 43. Rg3 Rxh4+ 44. Kf3 g5 45. fxg6 Kf8 46. g7+ Kg8 47. Rb1 Rh5 48. Kf4 Re8 49. Rb6 c4 50. dxc4 Rhxe5 51. Rxh6 Re4+ 52. Kf3 Re3+ 53. Kg2 Rxg3+ 54. Kxg3 Re3+ 55. Kf4 Rc3 56. Rc6 Kxg7 57. Ke4 d3 58. Ke3 Ra3 59. Re6 Kf7 60. Re5 Rc3 61. Rc5 Ke6 62. Kd2 Ra3 63. Rxa5 Kd6 64. Rh5 Rxa4 65. Kxd3 Ra1 66. Kd4 Rd1+ 67. Kc3 Rc1+ 68. Kb4 Rb1+ 69. Ka5 Kc6 70. Rg5 Rb2 1/2-1/2

[Event "4th GRENKE Open 2019"]
[Site "Karlsruhe"]
[Date "2019.04.18"]
[Round "1.106"]
[White "Walter, Thomas"]
[Black "Benkovic, Petar"]
[Result "1/2-1/2"]
[WhiteElo "2096"]
[BlackElo "2405"]
[Annotator "NA"]
[PlyCount "57"]
[EventDate "2019.04.18"]
[EventType "swiss"]
[EventCountry "GER"]
[SourceTitle "playchess.com"]
[Source "ChessBase"]
[SourceQuality "1"]

1. e4 c5 2. Nf3 e6 3. d4 cxd4 4. Nxd4 a6 5. Nc3 b5 6. Qf3 Bb7 7. Bd3 d6 8. O-O Nf6 9. Bg5 Nbd7 10. Qh3 Be7 11. Rae1 Nc5 12. Nd5 Nxd3 13. Bxf6 Nf4 14. Nxf4 Bxf6 15. Nb3 Bxb2 16. c3 Qf6 17. Nh5 Qxc3 18. Re3 Qc2 19. Na5 Rb8 20. e5 Bxe5 21. Nxg7+ Bxg7 22. Rxe6+ fxe6 23. Qxe6+ Kf8 24. Qxd6+ Kf7 25. Qd7+ Kg6 26. Qg4+ Kf7 27. Qd7+ Kg6 28. Qg4+ Kf7 29. Qd7+ 1/2-1/2

[Event "4th GRENKE Open 2019"]
[Site "Karlsruhe"]
[Date "2019.04.19"]
[Round "2.1"]
[White "Stein, Robert"]
[Black "Bacrot, Etienne"]
[Result "1/2-1/2"]
[WhiteElo "2287"]
[BlackElo "2683"]
[Annotator "TA"]
[PlyCount "298"]
[EventDate "2019.04.18"]
[EventType "swiss"]
[EventCountry "GER"]
[SourceTitle "playchess.com"]
[Source "ChessBase"]
[SourceQuality "1"]

1. d4 Nf6 2. c4 e6 3. g3 Bb4+ 4. Bd2 a5 5. Bg2 d5 6. Nf3 dxc4 7. Qc2 Nc6 8. Qxc4 O-O 9. O-O Bd6 10. Nc3 e5 11. dxe5 Nxe5 12. Nxe5 Bxe5 13. Rfd1 Qe7 14. Bf4 Be6 15. Nd5 Bxd5 16. Bxd5 c6 17. Bxe5 Qxe5 18. Bf3 Rad8 19. Qb3 Qc7 20. Qc3 Rfe8 21. a3 h6 22. b4 axb4 23. axb4 Qb6 24. Rxd8 Rxd8 25. Rb1 Qb5 26. Ra1 Nd5 27. Bxd5 Qxd5 28. e3 Qe4 29. Rc1 Rd3 30. Qc2 Qd5 31. h4 Rd2 32. Qc5 Qf3 33. Rf1 b5 34. Qe5 Rc2 35. Qe8+ Kh7 36. Qe5 Rc4 37. Rb1 Qg4 38. Qb2 Qg6 39. Rc1 Rxh4 40. Rxc6 Rxb4 41. Rxg6 Rxb2 42. Rb6 b4 43. g4 b3 44. Kg2 g5 45. Kg3 Kg7 46. f4 gxf4+ 47. exf4 Rb1 48. Kg2 f6 49. Rb7+ Kg6 50. Rb6 Kf7 51. Kf3 Kg7 52. Kg3 Kg6 53. Kg2 Kf7 54. Kf3 b2 55. Kg2 Ke7 56. Kh2 Kd7 57. Kg2 Kc7 58. Rb4 Kd6 59. Rb5 Kc6 60. Rb8 Kc7 61. Rb4 Kd6 62. Rb8 Ke6 63. Rb5 Kf7 64. Rb6 Kg7 65. Kh2 Rf1 66. Rxb2 Rxf4 67. Kg3 Rd4 68. Rb5 Kg6 69. Ra5 Rd1 70. Rb5 Rg1+ 71. Kf4 Rf1+ 72. Kg3 Rd1 73. Kf4 Rd4+ 74. Kg3 Re4 75. Rb8 Kf7 76. Rb7+ Re7 77. Rb8 Kg6 78. Rg8+ Rg7 79. Rb8 Rd7 80. Rg8+ Kf7 81. Rb8 Kg7 82. Kh4 Rd5 83. Kg3 Rd4 84. Kf3 Kg6 85. Rg8+ Kf7 86. Rh8 Kg7 87. Rb8 Rc4 88. Kg3 Kf7 89. Rh8 Kg7 90. Rb8 Re4 91. Kf3 Re5 92. Kf4 h5 93. gxh5 Rxh5 94. Kg4 Ra5 95. Kf4 Kg6 96. Rg8+ Kf7 97. Rb8 Ra1 98. Rb7+ Kg6 99. Rb6 Ra4+ 100. Kf3 Kg5 101. Rb5+ f5 102. Rb8 Ra3+ 103. Kf2 Kg4 104. Rg8+ Kf4 105. Rb8 Ra2+ 106. Kf1 Ra3 107. Kf2 Ra2+ 108. Kf1 Kf3 109. Rb3+ Kg4 110. Rb4+ f4 111. Rb3 Rc2 112. Ra3 Rh2 113. Kg1 Re2 114. Kf1 Re8 115. Kf2 Rh8 116. Kf1 Kf5 117. Kf2 Rh2+ 118. Kf1 Rd2 119. Ke1 Rd4 120. Kf2 Ke4 121. Kg2 Rd2+ 122. Kf1 Rd8 123. Rb3 Kf5 124. Ra3 Kg4 125. Kf2 Rd2+ 126. Kf1 Rh2 127. Kg1 Rh8 128. Kf2 Rh7 129. Kg2 Re7 130. Kf2 Re8 131. Rb3 Re5 132. Ra3 Rh5 133. Kg2 Rc5 134. Kf2 Rc1 135. Rb3 Rh1 136. Kg2 Re1 137. Kf2 Re8 138. Ra3 Rc8 139. Rb3 Rc2+ 140. Kf1 Rh2 141. Kg1 Re2 142. Kf1 Re3 143. Rxe3 fxe3 144. Ke2 Kf4 145. Ke1 Ke4 146. Ke2 Kd4 147. Ke1 Kd3 148. Kd1 e2+ 149. Ke1 Ke3 1/2-1/2

[Event "4th GRENKE Open 2019"]
[Site "Karlsruhe"]
[Date "2019.04.19"]
[Round "2.3"]
[White "Karsay, Pascal"]
[Black "Korobov, Anton"]
[Result "0-1"]
[WhiteElo "2285"]
[BlackElo "2675"]
[Annotator "TA"]
[PlyCount "62"]
[EventDate "2019.04.18"]
[EventType "swiss"]
[EventCountry "GER"]
[SourceTitle "playchess.com"]
[Source "ChessBase"]
[SourceQuality "1"]

1. Nf3 d5 2. g3 c6 3. Bg2 Bg4 4. O-O Nd7 5. c4 Bxf3 6. exf3 dxc4 7. d3 cxd3 8. Qxd3 Ngf6 9. Rd1 e6 10. Nc3 Be7 11. f4 O-O 12. Qc2 g6 13. Rb1 a5 14. b3 Re8 15. a3 Nd5 16. Ne4 N7f6 17. Nxf6+ Bxf6 18. Bd2 Qb6 19. Qc4 Red8 20. Be1 Qa6 21. Bf1 b5 22. Qc2 Qb6 23. Rdc1 Rac8 24. h4 h5 25. Rd1 Kg7 26. Rbc1 c5 27. Qe2 c4 28. bxc4 bxc4 29. Bg2 c3 30. Qc2 Qc5 31. Rd3 Qxa3 0-1

[Event "4th GRENKE Open 2019"]
[Site "Karlsruhe"]
[Date "2019.04.19"]
[Round "2.4"]
[White "Firouzja, Alireza"]
[Black "Ciolek, Andreas"]
[Result "1-0"]
[WhiteElo "2669"]
[BlackElo "2284"]
[Annotator "TA"]
[PlyCount "61"]
[EventDate "2019.04.18"]
[EventType "swiss"]
[EventCountry "GER"]
[SourceTitle "playchess.com"]
[Source "ChessBase"]
[SourceQuality "1"]

1. e4 c5 2. Nc3 a6 3. g3 b5 4. Bg2 Bb7 5. d3 e6 6. f4 Nf6 7. Nf3 d5 8. e5 Nfd7 9. O-O Be7 10. Ne2 Nc6 11. c3 Qc7 12. d4 Rc8 13. g4 cxd4 14. cxd4 Nb4 15. a3 Nc2 16. Rb1 b4 17. f5 bxa3 18. bxa3 Nf8 19. Rb3 Qd7 20. Nf4 a5 21. Rf2 a4 22. Rxb7 Qxb7 23. Rxc2 Rc6 24. Rxc6 Qxc6 25. Nh5 g6 26. Ng7+ Kd7 27. f6 Bd8 28. Ng5 Bb6 29. Nxf7 Bxd4+ 30. Qxd4 Qxc1+ 31. Bf1 1-0

[Event "4th GRENKE Open 2019"]
[Site "Karlsruhe"]
[Date "2019.04.19"]
[Round "2.5"]
[White "Faerber, David"]
[Black "Kuzubov, Yuriy"]
[Result "0-1"]
[WhiteElo "2282"]
[BlackElo "2653"]
[Annotator "TA"]
[PlyCount "90"]
[EventDate "2019.04.18"]
[EventType "swiss"]
[EventCountry "GER"]
[SourceTitle "playchess.com"]
[Source "ChessBase"]
[SourceQuality "1"]

1. e4 c5 2. Nf3 Nc6 3. d4 cxd4 4. Nxd4 Nf6 5. Nc3 e5 6. Ndb5 d6 7. Bg5 a6 8. Na3 b5 9. Nd5 Be7 10. Bxf6 Bxf6 11. c4 b4 12. Nc2 O-O 13. Ncxb4 Nxb4 14. Nxb4 Qb6 15. Nd5 Qxb2 16. Be2 Bd8 17. O-O Be6 18. Qd3 Bxd5 19. cxd5 Bb6 20. Rab1 Qd4 21. Qxd4 Bxd4 22. Bd3 g6 23. Rfc1 Rfb8 24. a4 Kg7 25. g3 Rxb1 26. Rxb1 Rc8 27. Bxa6 Rc2 28. Rf1 Ra2 29. Bd3 Rxa4 30. Kg2 Ra2 31. h4 Rd2 32. Bb1 h5 33. Kf3 Kh6 34. Kg2 f6 35. Kh3 Bxf2 36. Rc1 Bc5 37. Rf1 Kg7 38. Rc1 Rb2 39. Bd3 g5 40. g4 f5 41. exf5 Rb3 42. f6+ Kf7 43. hxg5 Rxd3+ 44. Kh4 Bf2+ 45. Kxh5 Rh3# 0-1

[Event "4th GRENKE Open 2019"]
[Site "Karlsruhe"]
[Date "2019.04.19"]
[Round "2.6"]
[White "Chigaev, Maksim"]
[Black "Dorst, Johannes"]
[Result "1-0"]
[WhiteElo "2634"]
[BlackElo "2281"]
[Annotator "RC"]
[PlyCount "81"]
[EventDate "2019.04.18"]
[EventType "swiss"]
[EventCountry "GER"]
[SourceTitle "playchess.com"]
[Source "ChessBase"]
[SourceQuality "1"]

1. e4 e5 2. Bc4 Nf6 3. d3 Nc6 4. Nf3 h6 5. a4 d6 6. a5 a6 7. h3 g6 8. Nc3 Bg7 9. O-O O-O 10. Be3 Be6 11. Bxe6 fxe6 12. Bd2 Qe7 13. Nh2 Kh7 14. Ne2 Nh5 15. c3 d5 16. Qb3 Qd7 17. Be3 d4 18. cxd4 exd4 19. Bd2 Na7 20. Rac1 Nb5 21. g4 Nf6 22. f4 Rae8 23. Nf3 Ng8 24. Kg2 Ne7 25. Ng3 e5 26. f5 gxf5 27. gxf5 Ng8 28. Nh5 Nf6 29. Nxg7 Qxg7+ 30. Kh2 Qg8 31. Qd1 Qa2 32. Rc2 c6 33. Bc1 Qxa5 34. Rg2 Rg8 35. Rg6 Rxg6 36. fxg6+ Kg7 37. Nh4 Nd6 38. Bxh6+ Kxh6 39. Rxf6 Qd8 40. Qf3 Kg5 41. Rf7 1-0

[Event "4th GRENKE Open 2019"]
[Site "Karlsruhe"]
[Date "2019.04.19"]
[Round "2.7"]
[White "Olcum, Ahmet"]
[Black "Sarana, Alexey"]
[Result "0-1"]
[WhiteElo "2281"]
[BlackElo "2630"]
[Annotator "TA"]
[PlyCount "88"]
[EventDate "2019.04.18"]
[EventType "swiss"]
[EventCountry "GER"]
[SourceTitle "playchess.com"]
[Source "ChessBase"]
[SourceQuality "1"]

1. d4 Nf6 2. Bf4 g6 3. Nc3 d5 4. Nf3 Bg7 5. Qd2 c6 6. Ne5 Nbd7 7. Nxd7 Bxd7 8. f3 b5 9. Be5 O-O 10. e3 Qb6 11. Be2 Rad8 12. g4 Ne8 13. Bxg7 Nxg7 14. h4 f6 15. h5 g5 16. h6 Ne6 17. Bd3 c5 18. Nxd5 Qd6 19. dxc5 Nxc5 20. O-O-O Bc6 21. e4 e6 22. Nb4 Bb7 23. Be2 Qb6 24. Nd3 e5 25. Kb1 Ne6 26. c3 Kf7 27. Qc2 a5 28. Qb3 Kg6 29. Nc1 b4 30. Rxd8 Rxd8 31. Bc4 a4 32. Qxb4 Qxb4 33. cxb4 Nd4 34. Rd1 Rc8 35. b3 Nxf3 36. Bd5 Bxd5 37. exd5 a3 38. Ne2 e4 39. Nd4 Nxd4 40. Rxd4 f5 41. b5 e3 42. gxf5+ Kxf5 43. Rd1 Ke4 44. b6 e2 0-1

[Event "4th GRENKE Open 2019"]
[Site "Karlsruhe"]
[Date "2019.04.19"]
[Round "2.8"]
[White "Fridman, Daniel"]
[Black "Bifulco, Michel"]
[Result "1-0"]
[WhiteElo "2629"]
[BlackElo "2278"]
[Annotator "RC"]
[PlyCount "93"]
[EventDate "2019.04.18"]
[EventType "swiss"]
[EventCountry "GER"]
[SourceTitle "playchess.com"]
[Source "ChessBase"]
[SourceQuality "1"]

1. d4 d5 2. Nf3 Nf6 3. c4 e6 4. g3 Be7 5. Bg2 O-O 6. O-O dxc4 7. Ne5 Nc6 8. Nxc6 bxc6 9. Na3 Bxa3 10. bxa3 Ba6 11. Qd2 Qc8 12. Qc2 Rd8 13. Rd1 h6 14. a4 Rb8 15. Ba3 Nd5 16. Bc5 Rb6 17. Bxb6 cxb6 18. Rab1 b5 19. axb5 cxb5 20. e4 Nb6 21. Qc3 Na4 22. Qa5 Rd6 23. d5 c3 24. Rbc1 e5 25. Qb4 Qb8 26. Rd3 Qb6 27. Rdxc3 Nxc3 28. Qxc3 Rf6 29. Rc2 Qd6 30. Qa5 Qb6 31. Qxb6 Rxb6 32. Rc7 Kf8 33. Rxa7 Bb7 34. f4 f6 35. fxe5 fxe5 36. Bh3 Ke8 37. Ra3 Ke7 38. Bf1 Kd6 39. Kf2 Kc5 40. Ke3 g6 41. Bd3 Ba6 42. Rc3+ Kd6 43. Rc2 Bb7 44. Rf2 Ke7 45. Rb2 b4 46. a3 b3 47. Bc4 1-0

[Event "4th GRENKE Open 2019"]
[Site "Karlsruhe"]
[Date "2019.04.19"]
[Round "2.9"]
[White "Kathmale, Sameer"]
[Black "Sethuraman, S.P."]
[Result "0-1"]
[WhiteElo "2279"]
[BlackElo "2624"]
[Annotator "TA"]
[PlyCount "52"]
[EventDate "2019.04.18"]
[EventType "swiss"]
[EventCountry "GER"]
[SourceTitle "playchess.com"]
[Source "ChessBase"]
[SourceQuality "1"]

1. d4 f5 2. Nc3 d5 3. Bf4 Nf6 4. f3 e6 5. Qd2 Be7 6. Nh3 O-O 7. Rg1 c5 8. e3 Nc6 9. O-O-O c4 10. g4 fxg4 11. Qg2 b5 12. Nf2 Qa5 13. Nxg4 Nxg4 14. Qxg4 Rf7 15. Be5 Nxe5 16. dxe5 b4 17. Nxd5 exd5 18. e6 Kh8 19. Kb1 Bf6 20. e4 b3 21. cxb3 cxb3 22. axb3 dxe4 23. f4 Rc7 24. Bc4 Qb6 25. Bd5 Bb7 26. Qf5 Qf2 0-1

[Event "4th GRENKE Open 2019"]
[Site "Karlsruhe"]
[Date "2019.04.19"]
[Round "2.10"]
[White "Predojevic, Borki"]
[Black "Paltrinieri, Nicholas"]
[Result "1-0"]
[WhiteElo "2621"]
[BlackElo "2276"]
[Annotator "TA"]
[PlyCount "79"]
[EventDate "2019.04.18"]
[EventType "swiss"]
[EventCountry "GER"]
[SourceTitle "playchess.com"]
[Source "ChessBase"]
[SourceQuality "1"]

1. g3 f5 2. Nf3 Nf6 3. Bg2 d6 4. d4 e6 5. O-O Be7 6. b3 O-O 7. Bb2 Qe8 8. Ne1 Nc6 9. Nd3 Qh5 10. Nd2 Qh6 11. e3 Bd7 12. c4 Rae8 13. d5 Nd8 14. dxe6 Nxe6 15. Rc1 Ng4 16. h3 Nf6 17. Nf4 Ng5 18. Bxf6 Bxf6 19. h4 Nf7 20. c5 c6 21. cxd6 Nxd6 22. Nc4 Be7 23. Qd4 a6 24. Rfd1 Rf6 25. Nb6 Bc8 26. Nxc8 Rxc8 27. Rd3 Rff8 28. Rcd1 Rcd8 29. Qb6 Qf6 30. Qc7 Qf7 31. Nd5 Bf6 32. Nxf6+ gxf6 33. Qa5 Qe6 34. Qb4 a5 35. Qxa5 Rd7 36. Rd4 Rfd8 37. Qd2 Kf8 38. Bh3 Ke8 39. Qd3 Ke7 40. e4 1-0

[Event "4th GRENKE Open 2019"]
[Site "Karlsruhe"]
[Date "2019.04.19"]
[Round "2.11"]
[White "Barzen, Pascal"]
[Black "Esipenko, Andrey"]
[Result "0-1"]
[WhiteElo "2278"]
[BlackElo "2616"]
[Annotator "TA"]
[PlyCount "82"]
[EventDate "2019.04.18"]
[EventType "swiss"]
[EventCountry "GER"]
[SourceTitle "playchess.com"]
[Source "ChessBase"]
[SourceQuality "1"]

1. e4 e5 2. Nf3 Nc6 3. Bb5 a6 4. Ba4 Nf6 5. O-O Be7 6. Re1 b5 7. Bb3 d6 8. c3 O-O 9. h3 Bb7 10. d4 Re8 11. Nbd2 Bf8 12. a4 h6 13. Bc2 exd4 14. cxd4 Nb4 15. Bb1 c5 16. d5 Nd7 17. Nf1 f5 18. exf5 Nxd5 19. Ng3 N7f6 20. Nh4 Qd7 21. axb5 Rxe1+ 22. Qxe1 Re8 23. Qd1 axb5 24. Ng6 Be7 25. Nxe7+ Qxe7 26. Bd2 Qe5 27. Ra7 Re7 28. Qb3 b4 29. Bd3 Kh7 30. Ne2 Rc7 31. Bc4 Nb6 32. Bf4 Qe4 33. Rxb7 Rxb7 34. Bd3 Qc6 35. Bc2 Re7 36. Ng3 Qd5 37. Qxd5 Nbxd5 38. Bxd6 Re1+ 39. Kh2 c4 40. Ba4 c3 41. bxc3 bxc3 0-1

[Event "4th GRENKE Open 2019"]
[Site "Karlsruhe"]
[Date "2019.04.19"]
[Round "2.12"]
[White "Heimann, Andreas"]
[Black "Odnorozhenko, Evgenyi"]
[Result "1-0"]
[WhiteElo "2616"]
[BlackElo "2275"]
[Annotator "RC"]
[PlyCount "45"]
[EventDate "2019.04.18"]
[EventType "swiss"]
[EventCountry "GER"]
[SourceTitle "playchess.com"]
[Source "ChessBase"]
[SourceQuality "1"]

1. d4 b6 2. e4 Bb7 3. Bd3 Nf6 4. Qe2 Nc6 5. Nf3 Nb4 6. e5 Nxd3+ 7. Qxd3 Ng8 8. O-O e6 9. Re1 Ne7 10. c4 Ng6 11. d5 Bb4 12. Bg5 Be7 13. Bxe7 Qxe7 14. Nc3 O-O 15. Rad1 c6 16. Qe4 cxd5 17. cxd5 d6 18. h4 exd5 19. Nxd5 Bxd5 20. Rxd5 Nxe5 21. Nxe5 dxe5 22. Rxe5 Qf6 23. Qxa8 1-0

[Event "4th GRENKE Open 2019"]
[Site "Karlsruhe"]
[Date "2019.04.19"]
[Round "2.13"]
[White "Weishaeutel, Moritz"]
[Black "Banusz, Tamas"]
[Result "1/2-1/2"]
[WhiteElo "2278"]
[BlackElo "2614"]
[Annotator "TA"]
[PlyCount "71"]
[EventDate "2019.04.18"]
[EventType "swiss"]
[EventCountry "GER"]
[SourceTitle "playchess.com"]
[Source "ChessBase"]
[SourceQuality "1"]

1. e4 c5 2. Nf3 Nc6 3. d4 cxd4 4. Nxd4 Nf6 5. Nc3 e5 6. Ndb5 d6 7. Bg5 a6 8. Na3 b5 9. Nd5 Be7 10. Bxf6 Bxf6 11. c4 b4 12. Nc2 O-O 13. Be2 Bg5 14. O-O a5 15. Qd3 Be6 16. Rad1 Ra7 17. Kh1 g6 18. f4 exf4 19. Nxf4 Bxf4 20. Rxf4 Ne5 21. Qe3 Rb7 22. b3 Qb6 23. Qg3 f6 24. Nd4 Re7 25. Qf2 Qc5 26. Rxf6 Ref7 27. Rxf7 Rxf7 28. Qg3 Bd7 29. h3 Rf6 30. Kh2 Kg7 31. Nf5+ Bxf5 32. Rd5 Qc8 33. exf5 Qxf5 34. Bg4 Qg5 35. Be2 Qf5 36. Bg4 1/2-1/2